000 00314nam a2200121Ia 4500
008 190216s9999||||xx |||||||||||||| ||und||
100 _aNull
245 0 _aHindi-Uthi Kahanikar Kurethul Yoj Haider Aur Unki Sresht Kahaniyam
260 _bMac Millian And Com. Ltd
300 _a160
650 _aHindi
942 _cBK
999 _c16080
_d16080